000
00325nam a2200145Ia 4500
999
_c
10474
_d
10474
003
OSt
005
20220413122142.0
008
220318s9999 xx 000 0 und d
020
_a
9789389393392
082
_a
363.700954
100
_a
Gosh Roy
245
0
_a
Applied environmental science
260
_b
Medtech
942
_2
ddc